[Event "ROM-chT"]
[Site "Romania"]
[Date "1993.??.??"]
[Round "6"]
[White "Baumstark, Gertrude"]
[Black "Charkova, E."]
[Result "1-0"]
[WhiteElo "2160"]
[BlackElo "2005"]
[PlyCount "81"]
[EventDate "1993.??.??"]
[EventType "team"]
[EventRounds "9"]
[EventCountry "ROU"]
[SourceTitle "EXT 1998"]
[Source "ChessBase"]
[SourceDate "1997.11.17"]
[SourceVersion "1"]
[SourceVersionDate "1997.11.17"]
[SourceQuality "1"]

1. e4 e6 2. d4 d5 3. Nd2 c5 4. exd5 exd5 5. Ngf3 Nf6 6. Be2 Nc6 7. 0-0 Be7 8. dxc5 Bxc5 9. Nb3 Bb6 10. Nfd4 0-0 11. Bf4 Ne4 12. c3 Re8 13. Bf3 Qf6 14. Be3 Ne5 15. Bxe4 dxe4 16. Nd2 Ng4 17. Re1 Bd7 18. Nf1 Rad8 19. Qd2 Nxe3 20. fxe3 Qe5 21. Ng3 Bb5 22. Qf2 Bd3 23. Ngf5 Rd7 24. Qh4 g6 25. Nh6+ Kg7 26. Ng4 Qe7 27. Nf5+ gxf5 28. Qh6+ Kh8 29. Nf6 Qxf6 30. Qxf6+ Kg8 31. Qxf5 Rd6 32. Rad1 Red8 33. Rd2 R8d7 34. g3 Bd8 35. Rf2 Rc7 36. Qe5 Re6 37. Qd5 Be7 38. Rf4 h6 39. Rg4+ Kf8 40. Qd4 Bc5 41. Qd8+ 1-0

[Event "ROM-chT"]
[Site "Romania"]
[Date "1993.??.??"]
[Round "3"]
[White "Charkova, E."]
[Black "Jicman, Ligia Letitia"]
[Result "1-0"]
[WhiteElo "2005"]
[BlackElo "2215"]
[PlyCount "57"]
[EventDate "1993.??.??"]
[EventType "team"]
[EventRounds "9"]
[EventCountry "ROU"]
[SourceTitle "EXT 1998"]
[Source "ChessBase"]
[SourceDate "1997.11.17"]
[SourceVersion "1"]
[SourceVersionDate "1997.11.17"]
[SourceQuality "1"]

1. d4 f5 2. Nf3 g6 3. Nc3 Bg7 4. e4 d6 5. Bd3 fxe4 6. Nxe4 Nf6 7. Neg5 0-0 8. Qe2 Nc6 9. Ne6 Bxe6 10. Qxe6+ Kh8 11. 0-0 Qd7 12. Qb3 Nh5 13. c3 e5 14. d5 Ne7 15. Ng5 Nf4 16. Bxf4 exf4 17. f3 Be5 18. Ne6 Rfe8 19. Ng5 Ng8 20. Rfe1 Nf6 21. Rad1 Rab8 22. Bb5 c6 23. dxc6 bxc6 24. Nf7+ Kg7 25. Nxe5 dxe5 26. Rxd7+ Nxd7 27. Qd1 Nc5 28. Bc4 Rbd8 29. Qc2 1-0